|
|
|
|
| LEADER |
00000cam a2200000 7i4500 |
| 001 |
0000015874 |
| 005 |
20080415.0 |
| 008 |
080415 |
| 020 |
|
|
|a 9833710557
|
| 090 |
0 |
0 |
|a 370.1523
|b LAZ
|
| 100 |
0 |
|
|a Lazear , David
|
| 245 |
1 |
0 |
|a Pathways of learning :
|b teaching students and parents about multiple intelligences
|c David Lazear ; foreword by Arthur L. Costa
|
| 260 |
|
|
|a Selangor :
|b Masterpiece Publication ,
|c 2000
|
| 650 |
|
0 |
|a Activity programing in education
|
| 650 |
|
0 |
|a Learning
|
| 650 |
|
0 |
|a Multiple Intelligences
|
| 650 |
|
0 |
|a Teaching
|
| 700 |
0 |
|
|a L. Costa , Arthur
|
| 999 |
|
|
|a 0001011857
|b Book
|c Adult Collection
|e Cawangan Urban Transformation Centre
|
| 999 |
|
|
|a 0001011858
|b Book
|c REFERENCE
|e Perbadanan Perpustakaan Awam Johor
|